Giáo trình vi sinh vật học môi trường

Đại cương về vi sinh học môi trường. Khả năng chuyển hóa vật chất của vi sinh vật trong các môi trường tự nhiên. Ô nhiễm vi sinh vật.

Guardado en:
Detalles Bibliográficos
Autor principal: Trần, Cẩm Vân
Formato: Libro
Lenguaje:Undetermined
Publicado: Hà Nội Đại học Quốc gia Hà Nội 2001
Materias:
Etiquetas: Agregar Etiqueta
Sin Etiquetas, Sea el primero en etiquetar este registro!
Thư viện lưu trữ: Trung tâm Học liệu Trường Đại học Cần Thơ
LEADER 00781nam a2200193Ia 4500
001 CTU_48616
008 210402s9999 xx 000 0 und d
020 |c 13500 
082 |a 579.1757 
082 |b V121 
100 |a Trần, Cẩm Vân 
245 0 |a Giáo trình vi sinh vật học môi trường 
245 0 |c Trần Cẩm Vân 
260 |a Hà Nội 
260 |b Đại học Quốc gia Hà Nội 
260 |c 2001 
520 |a Đại cương về vi sinh học môi trường. Khả năng chuyển hóa vật chất của vi sinh vật trong các môi trường tự nhiên. Ô nhiễm vi sinh vật. 
650 |a Microbial ecology,Soil microbiology 
980 |a Trung tâm Học liệu Trường Đại học Cần Thơ